000 00768nas a2200241 4500
001 BR7701076
003 BR-BrBNA
005 20231205083111.0
007 ta
008 230509b bl.|||p| |||| 00| 00por d
040 _aBR-BrBNA
_bpor
_cBiblioteca Nacional de Agricultura
041 _a(Pt)
072 _aF22
100 1 _aWunsche, W.A.
100 1 _aBohnen, H.
245 1 _aAvaliacao da dissolucao de varias fracoes de calcario dolomitico em oxisol do Rio Grande do Sul [Brasil]
_bParte de tese
650 _aACIDEZ
650 _aCALCARIO DOLOMITICO
650 _aRIO GRANDE DO SUL
773 0 _tAgronomia Sulriograndense (Brazil)
_xISSN 0400-8111
_g(1976), v. 12(2) p. 173-178
_wBR7701076
909 _a202311
_bLúcia
_c55
_dLúcia Elande
942 _2AGRIS
_n0
_cANA
999 _c96394
_d96394